000 00288nam a22001337a 4500
008 181023b xxu||||| |||| 00| 0 eng d
020 _a0155766317
041 _aeng
080 _a820
100 _a21
101 _aGJL
245 _aThe Resourceful Writer
_cWebb,S.S
942 _2udc
_cBK
999 _c50567
_d50567